000 00656nam a2200217 i 4500
001 50351
003 ES-MaACL
005 20250807081300.0
007 t|
008 030804s1969 sp |||| | spa d
245 0 0 _aCuaderno de los esposos /
_cescriben F. Bláquez Carmona... [et al.].
260 _aMadrid :
_bLa Muralla,
_c1969.
300 _a175 p. ;
_c18 cm.
490 1 _aCuadernos de la familia ;
_v3
650 0 7 _aMatrimonio
_2embne
_914855
650 4 _aFamilias.
_9153905
700 1 _aBlázquez, Feliciano.
_929438
830 0 _aCuadernos de la familia ;
_v3
_9182322
852 _aES-MaACL
_jC-35933
999 _c50351
_d50351